Quizzes
Events
Quiz Creation
Community
Videos
Private Events
Remove Ads
Sign In
Join for FREE
Feedback
Dark Mode
Quiz Categories
Sports
Geography
Music
Movies
Television
Just For Fun
Miscellaneous
History
Literature
Language
Science
Gaming
Entertainment
Religion
Holiday
For Kids
Quiz Lab
Recent
Popular Today
Quiz Kudos Today
Editor Picks
Curator Picks
Quizzes by...
Day
Popularity
Type
Ratings
Length
Year
Community
Subscriptions
Recent Discussions
Orange Saloon
Badges
Playlists
Quests
Create
Leaderboards
Showdown
Live 5
Trivia Bingo
Activity
Puzzle Library
Sporcle Events
Private Events
Virtual Trivia
Globe League
Become a Host
Pub Owners
SporcleCon
Opinionation
Our Games
Videos
Blog
Mobile Apps
Partnerships
Remove Ads and Go Orange
Feedback
Music
Pop Music
The Beatles
Song
Album
Lyrics
Bands
Singers
Artist
Clip
Rock
Rap
Classical
Billboard
Country Music
Kpop
Taylor Swift
Music
Pop Music
The Beatles
Song
Album
Lyrics
Bands
Singers
Artist
Clip
Rock
Rap
Classical
Billboard
Country Music
Kpop
Taylor Swift
Random Quiz
Search Sporcle
×
Quiz Lab
Quiz Lab
Music
Album
Type in answers that appear in a list
Type in answers that appear in a list
Classic
Best Score? Go Orange.
Ozzy Osbourne Studio Album Tracks Stats
Can you name the Ozzy Osbourne Solo Studio Tracks?
By
shedkid
12m
96 Questions
1,919 Plays
1,919 Plays
1,919 Plays
Comments
Comments
Give Quiz Kudos
Give Quiz Kudos
-
- Ratings
hide this ad
More Info
Replay
Link that replays current quiz
Next Quiz
Link to next quiz in quiz playlist
You Got
0%
They Got
Avg Score
50%
Avg Friend Score
Upgrade to see
Score Distribution
Jump to the score distribution portion of the page
Score
0/96
Timer
12:00
0
Plays Today
% Correct
Crazy Train
94.3%
Bark at the Moon
93.5%
No More Tears
89.6%
Diary of a Madman
86.4%
Mr. Crowley
86.1%
The Ultimate Sin
82.7%
I Don't Know
81.2%
Suicide Solution
80.9%
Over the Mountain
80.6%
Mama, I'm Coming Home
79.7%
Flying High Again
76.4%
Shot in the Dark
76.1%
Dee
73.3%
Goodbye to Romance
73.2%
Perry Mason
73%
Black Rain
72.3%
Mr. Tinkertrain
70.8%
Miracle Man
69.7%
Crazy Babies
68.3%
No Bone Movies
65.1%
S.A.T.O.
64.1%
You Can't Kill Rock & Roll
63.2%
Believer
62.4%
Revelation (Mother Earth)
61.9%
I Don't Want to Change the World
61.5%
Dreamer
61%
Hellraiser
60.7%
Let Me Hear You Scream
60.5%
I Don't Wanna Stop
59.5%
Killer of Giants
58.8%
Road to Nowhere
58.7%
Steal Away (The Night)
58.3%
% Correct
Rock N' Roll Rebel
58%
I Just Want You
57.6%
Desire
56.5%
Little Dolls
56.4%
Thank God for the Bomb
55.3%
See You On The Other Side
54.9%
Zombie Stomp
54.8%
So Tired
54.2%
Bloodbath in Paradise
53.1%
Demon Alcohol
53.1%
Tonight
52.5%
Never
52.3%
Lightning Strikes
51.9%
Fire in the Sky
51.1%
S.I.N.
51%
Gets Me Through
50.7%
Secret Loser
50.2%
You're No Different
49.5%
Breakin' All The Rules
49.3%
Centre of Eternity
48.3%
Time
48.1%
Time After Time
47.8%
Tattooed Dancer
47.7%
A.V.H.
47.7%
Devil's Daughter
47.5%
My Little Man
46.1%
Thunder Underground
45.9%
Hero
44.3%
Now You See It (Now You Don't)
43.2%
Never Know Why
42.8%
Waiting for Darkness
42.4%
Old L.A. Tonight
42.4%
% Correct
Junkie
41.8%
Slow Down
40.9%
My Jekyll Doesn't Hide
40.5%
Fool Like You
37.2%
Ghost Behind My Eyes
36.9%
Not Going Away
36.5%
Let It Die
35.5%
Tomorrow
35.3%
Denial
34%
Facing Hell
33.6%
11 Silver
33%
The Almighty Dollar
32.6%
That I Never Had
32.1%
Trap Door
31.3%
Alive
29.4%
You Know...Pt. 1
28.9%
Soul Sucker
28.6%
I Love You All
28.6%
Can You Hear Them?
27.6%
Here For You
26.9%
Crucify
26.6%
Fearless
25.4%
Life Won't Wait
25.3%
Black Illusion
25.1%
No Easy Way Out
24.7%
Running Out of Time
23.5%
Latimer's Mercy
23.5%
Civilize the Universe
23.3%
Lay Your World On Me
23%
Countdown's Begun
21.8%
Diggin' Me Down
20.5%
I Want It More
19.6%
Quiz Playlist
Details
Report
Send in Message
Add To Playlist
More Info:
Name of all the tracks from Ozzy's 9 solo albums.
Classic:
Type in answers that appear in a list
Quiz Source
Last Updated: Feb 16, 2017
Quiz Scoreboard
CHALLENGE
Sign Up to Join the Scoreboard
Show All
Scores
Hide
Comments
May contain spoilers
Recently Published
Movies - When Are They Set?
by FPL_Elf
Movies
5m
Popular People in 1961
by mucciniale
History
6m
1-10 Letter E Words III
by El_Dandy
Language
2m
More to Explore
Quiz From the Vault
Featured Blog Post
Where Did the Easter Bunny Come From?
hide this ad
You Might Also Like...
Tags
Album Quiz
Osbourne
Ozzy
Ozzy Osbourne
solo
studio
track
Today's Top Quizzes in Music
Browse Music
hide this ad
Today's Top Quizzes in Album
Browse Album
Top Contributed Quizzes in Music
1
Taylor Swift All Songs (2024)
2
2010s Album by Cover III
3
One Thing in Common: Music
4
Guess the Artist- 70s Songs
5
Taylor Swift Logic Puzzle
6
Guess the Taylor Swift song (Mystery Song)
7
2010s Album by Cover IV
8
2010s Album by Cover V
9
KPOP LOGIC QUIZ
10
2010s Album by Cover VI
Explore More
Trending Topics
Disney
Kpop
Crossword
Anime
Marvel
Harry Potter
NBA
Country
Pokémon
Song
The Office
Soccer
NFL
WWE
Puzzle
hide this ad
More By:
shedkid
Quiz
Plays
Rating
Category
Featured
Created
Ozzy Osbourne Studio Album Tracks
1,919
4.00
Music
Jan 4, 2010
Poison Studio Album Songs
666
5.00
Music
Oct 15, 2010
Go to Creator's Profile
Score Distribution
Quiz Creator Spotlight
shedkid
Follow
Send a Message
Quizzes Created
-
Created Quiz Play Count
-
More By This Creator
Popular Quizzes Today
1
Find the Countries of Europe - No Outlines Minefield
2
Find the US States - No Outlines Minefield
3
The Countries of the World
4
Popular People in 1961
5
1-10 Letter E Words III
6
US States
7
Find the US States
8
One Thing in Common: World Cities II
More Music Quizzes
12 Music Man Songs
Editor's Pick
Trending Quizzes
Risky Map Clicking: Least Populous States A-Z
Humor Books: The Subtitles
1-10 Letter F Words
1-10 Letter G Words
One Thing in Common: United Kingdom
Recently Updated
Leaping Animals
pecheneg
Reality TV Shows (A-Z)
bhenderson79
Rickey Henderson's Hall of Fame Teammates
pecheneg
Champions League XIs: Arsenal
pecheneg
Quick Pick: Celebrities in WWE's Hall of Fame
aduchscher
A-Z Keypad Blitz II
pecheneg
Multiple Oscar Actors
pecheneg
Mystery Phrase Blitz: Oscar 'Best Actors'
pecheneg
F. Scott Fitzgerald Novels
LTH
Pick 3 Villains
ddd62291
Trending Topics
NBA
Crossword
Kpop
Marvel
Anime
Harry Potter
Disney
Pokémon
The Office
Song
Puzzle
Soccer
WWE
NFL
Country
Your Account Isn't Verified!
In order to create a playlist on Sporcle, you need to verify the email address you used during registration. Go to your
Sporcle Settings
to finish the process.
Report this User
Report this user for behavior that violates our
Community Guidelines
.
Details:
Send Report
Go to the Sporcle.com Mobile Site →
Comments